[Event "International Championship of Central Se"]
[Site "Paracin, hotel Petrus"]
[Date "2015.07.03"]
[Round "1.24"]
[White "Dogan, Nazmi Can"]
[Black "Tosic, Srecko"]
[Result "1-0"]
[WhiteElo "2182"]
[BlackElo "2377"]
[PlyCount "167"]
[EventDate "2015.07.03"]

1. e4 c5 2. Nf3 e6 3. d4 cxd4 4. Nxd4 a6 5. Bd3 Nc6 6. Nxc6 dxc6 7. Nd2 Bc5 8.
O-O Ne7 9. Qh5 Ba7 10. Nf3 Ng6 11. e5 Qc7 12. Re1 Bd7 13. Bg5 Kf8 14. Rad1 Be8
15. Bxg6 fxg6 16. Qh4 h6 17. Be3 Bxe3 18. Rxe3 Qe7 19. Qf4+ Kg8 20. Rd6 Kh7 21.
Red3 g5 22. Qg4 Bg6 23. Rd7 Qe8 24. R3d6 Rf8 25. Rxb7 Rb8 26. Rxb8 Qxb8 27.
Qxe6 Bxc2 28. b3 Be4 29. Nd2 Bd5 30. Qg6+ Kg8 31. Nf1 Qb6 32. Qc2 Qd4 33. Qe2
Re8 34. Qxa6 Qxe5 35. Rd7 Qa1 36. Ra7 Re1 37. Qc8+ Kh7 38. Qf5+ Kh8 39. Ra8+
Bg8 40. Qd3 Qc1 41. Rd8 Qc5 42. h3 Qe7 43. g3 Re5 44. Qd7 Qxd7 45. Rxd7 Re2 46.
Rd2 Re1 47. f3 Be6 48. Kf2 Ra1 49. g4 Kg8 50. Rc2 Kf7 51. Ng3 Ke7 52. Ne2 Kd6
53. f4 gxf4 54. Nxf4 Bf7 55. Rd2+ Ke7 56. h4 g5 57. hxg5 hxg5 58. Nd3 Be6 59.
Nb4 c5 60. Na6 Bxb3 61. Nxc5 Bxa2 62. Rd7+ Kf6 63. Ra7 Ke5 64. Nd3+ Kd4 65. Nb4
Kc3 66. Nxa2+ Kd4 67. Ra4+ Ke5 68. Ke3 Re1+ 69. Kf2 Ra1 70. Ke2 Rg1 71. Nc3 Rg3
72. Nd1 Rb3 73. Ne3 Rb8 74. Kf3 Rf8+ 75. Kg3 Rb8 76. Kf3 Rf8+ 77. Nf5 Rb8 78.
Ra5+ Kf6 79. Ne3 Re8 80. Rf5+ Kg6 81. Ra5 Kf6 82. Ra6+ Kf7 83. Nf5 Re5 84. Ng3
1-0

[Event "International Championship of Central Se"]
[Site "Paracin, hotel Petrus"]
[Date "2015.07.03"]
[Round "1.25"]
[White "Vajic, Goran"]
[Black "Tscharotschkin, Michael"]
[Result "1-0"]
[WhiteElo "2372"]
[BlackElo "2182"]
[PlyCount "67"]
[EventDate "2015.07.03"]

1. e4 e6 2. d4 d5 3. e5 c5 4. Nf3 cxd4 5. Nxd4 Nc6 6. Nxc6 bxc6 7. Bd3 Ne7 8.
O-O Ng6 9. f4 Bc5+ 10. Kh1 O-O 11. Nd2 a5 12. Qh5 Ba6 13. Nf3 Bxd3 14. cxd3 Ne7
15. g4 Qb6 16. Qh3 Qb5 17. Rd1 f6 18. exf6 gxf6 19. b3 a4 20. Bb2 d4 21. g5 f5
22. Qh6 Ng6 23. Ne5 Bd6 24. Nxg6 Qd5+ 25. Kg1 hxg6 26. Qxg6+ Kh8 27. Re1 e5 28.
Rac1 c5 29. Rc2 Ra7 30. fxe5 Bxe5 31. Rce2 Re7 32. Bc1 Rg7 33. Qh6+ Kg8 34.
Rxe5 1-0

[Event "International Championship of Central Se"]
[Site "Paracin, hotel Petrus"]
[Date "2015.07.03"]
[Round "1.26"]
[White "Johansson, Thomas"]
[Black "Todorovic, Bojan"]
[Result "1/2-1/2"]
[WhiteElo "2180"]
[BlackElo "2361"]
[PlyCount "125"]
[EventDate "2015.07.03"]

1. d4 Nf6 2. Nf3 e6 3. c4 d5 4. g3 Bb4+ 5. Bd2 Bd6 6. Qc2 O-O 7. Bg2 c6 8. O-O
Nbd7 9. Bf4 Bxf4 10. gxf4 dxc4 11. Qxc4 Nd5 12. e3 Qe7 13. Nbd2 N7b6 14. Qe2 c5
15. Ne4 cxd4 16. Nxd4 e5 17. fxe5 Qxe5 18. f4 Qe7 19. Rae1 Bd7 20. Ng5 h6 21.
Ngf3 Rfe8 22. Ne5 f6 23. Nxd7 Qxd7 24. Qd3 Rad8 25. Nf5 Qf7 26. Qa3 Nc4 27.
Qxa7 Qg6 28. e4 Nd2 29. Qd4 Nxf1 30. Kxf1 Qxg2+ 31. Kxg2 Nxf4+ 32. Kf3 Rxd4 33.
Nxd4 Nd3 34. Re2 Rc8 35. Ke3 Ne5 36. Nf5 Rc1 37. Rg2 g6 38. Kd2 Rh1 39. Nd6 b6
40. Kc3 Rd1 41. Nc8 Rd3+ 42. Kc2 Rd4 43. Nxb6 Rxe4 44. a4 Rb4 45. Nd5 Rxa4 46.
Nxf6+ Kf7 47. Nd5 Ke6 48. Ne3 Rh4 49. Re2 Kd6 50. b3 Nf3 51. Kc3 Rxh2 52. Nc4+
Kd5 53. Re3 Rf2 54. Nb6+ Kd6 55. Nc4+ Kc7 56. Re7+ Kd8 57. Rf7 Rf1 58. Rf6 g5
59. Ne3 Ke7 60. Nd5+ Kd7 61. Ne3 Ke7 62. Nd5+ Kd7 63. Ne3 1/2-1/2

[Event "International Championship of Central Se"]
[Site "Paracin, hotel Petrus"]
[Date "2015.07.03"]
[Round "1.27"]
[White "Cerovic, Danilo"]
[Black "Kuzmanovic, Slobodan"]
[Result "1/2-1/2"]
[WhiteElo "2359"]
[BlackElo "2173"]
[PlyCount "55"]
[EventDate "2015.07.03"]

1. e4 e5 2. Nf3 Nc6 3. Bb5 a6 4. Ba4 Nf6 5. O-O Be7 6. Re1 b5 7. Bb3 d6 8. c3
O-O 9. h3 Na5 10. Bc2 c5 11. d4 Nd7 12. Nbd2 exd4 13. cxd4 Nc6 14. d5 Nce5 15.
a4 b4 16. Nxe5 Nxe5 17. f4 Ng6 18. Nc4 a5 19. e5 Ba6 20. b3 Bh4 21. Re4 f5 22.
exf6 Bxf6 23. Rb1 Bxc4 24. bxc4 Re8 25. Bd2 Bd4+ 26. Kh2 Rxe4 27. Bxe4 Qf6 28.
Qg4 1/2-1/2

[Event "International Championship of Central Se"]
[Site "Paracin, hotel Petrus"]
[Date "2015.07.03"]
[Round "1.28"]
[White "Injac, Teodora"]
[Black "Zivkovic, Ivan B"]
[Result "1/2-1/2"]
[WhiteElo "2165"]
[BlackElo "2347"]
[PlyCount "72"]
[EventDate "2015.07.03"]

1. d4 d5 2. Nf3 e6 3. c4 c6 4. e3 Nf6 5. Bd3 Nbd7 6. O-O Bd6 7. Nbd2 O-O 8. e4
e5 9. cxd5 cxd5 10. exd5 exd4 11. Ne4 Nxe4 12. Bxe4 Nf6 13. Bc2 Bg4 14. Bg5 h6
15. Bh4 Rc8 16. Bb3 Be7 17. Qxd4 Bxf3 18. gxf3 Nxd5 19. Bg3 Nb6 20. Qe4 Bf6 21.
Qxb7 Bxb2 22. Rad1 Qf6 23. Qxa7 Nc4 24. Kg2 Ne5 25. Qb7 Rc6 26. Bd5 Rb6 27. Qc7
Ng6 28. Rfe1 h5 29. h4 Rb4 30. Re4 Rxe4 31. Bxe4 Nxh4+ 32. Bxh4 Qxh4 33. Qg3
Qf6 34. Qd6 Qg5+ 35. Qg3 Qf6 36. Qd6 Qg5+ 1/2-1/2

[Event "International Championship of Central Se"]
[Site "Paracin, hotel Petrus"]
[Date "2015.07.03"]
[Round "1.29"]
[White "Milenkovic, Mladen"]
[Black "Persson, Richard"]
[Result "0-1"]
[WhiteElo "2344"]
[BlackElo "2158"]
[PlyCount "92"]
[EventDate "2015.07.03"]

1. e4 d5 2. exd5 Qxd5 3. Nc3 Qd6 4. d4 Nf6 5. Bg5 c6 6. Qd2 Bf5 7. Nf3 Nbd7 8.
O-O-O e6 9. Bf4 Qb4 10. a3 Qa5 11. Ne5 Nxe5 12. dxe5 Nd5 13. Nxd5 Qxd2+ 14.
Rxd2 exd5 15. Bd3 Bxd3 16. Rxd3 Bc5 17. Bg3 h5 18. f4 O-O-O 19. Rf1 Rde8 20. h3
h4 21. Bh2 Bb6 22. g4 hxg3 23. Rxg3 Rh7 24. Bg1 Bxg1 25. Rgxg1 Kd7 26. Rg3 Re7
27. Kd2 Ke6 28. Ke3 g6 29. Kf3 Re8 30. Kg2 Reh8 31. Rff3 Rh5 32. b3 c5 33. c3
Kf5 34. Rg4 d4 35. b4 b6 36. bxc5 bxc5 37. cxd4 cxd4 38. Rd3 Ke4 39. Rb3 Rf5
40. Kg3 Rd8 41. Rb1 d3 42. Re1+ Kd4 43. Kf3 d2 44. Ra1 Kc3 45. Ke2 Kb2 46. Rd1
Kc2 0-1

[Event "International Championship of Central Se"]
[Site "Paracin, hotel Petrus"]
[Date "2015.07.03"]
[Round "1.30"]
[White "Arsic, Djordje"]
[Black "Filev, Georgi"]
[Result "1/2-1/2"]
[WhiteElo "2153"]
[BlackElo "2344"]
[PlyCount "69"]
[EventDate "2015.07.03"]

1. e4 e6 2. d4 d5 3. Nc3 Bb4 4. e5 c5 5. a3 Bxc3+ 6. bxc3 Ne7 7. Qg4 O-O 8. Nf3
Nbc6 9. Bd3 f5 10. exf6 Rxf6 11. Bg5 Rf7 12. Ne5 Nxe5 13. dxe5 c4 14. Be2 Qa5
15. Bd2 Bd7 16. O-O Raf8 17. Qg3 Ba4 18. Bh5 g6 19. Bd1 Qb6 20. Bc1 Nf5 21. Qg4
Qc7 22. f4 Qc5+ 23. Kh1 Ne3 24. Bxe3 Qxe3 25. Qxe6 Qxc3 26. Rb1 Bc6 27. Bf3 Re8
28. Qd6 Qxc2 29. Bxd5 Bxd5 30. Qxd5 Qd3 31. Qxd3 cxd3 32. Rbd1 g5 33. g3 gxf4
34. gxf4 Ref8 35. Rxd3 1/2-1/2

[Event "International Championship of Central Se"]
[Site "Paracin, hotel Petrus"]
[Date "2015.07.03"]
[Round "1.31"]
[White "Mladenovic, Stefan"]
[Black "Djokic, Slavoljub"]
[Result "1-0"]
[WhiteElo "2341"]
[BlackElo "2141"]
[PlyCount "87"]
[EventDate "2015.07.03"]

1. d4 c5 2. d5 Nf6 3. Nc3 g6 4. e4 d6 5. Be2 Bg7 6. Nf3 O-O 7. O-O Bg4 8. Nd2
Bxe2 9. Qxe2 Nbd7 10. Nc4 a6 11. a4 b6 12. Bf4 Rb8 13. h3 Ne8 14. Bh2 Nc7 15.
f4 b5 16. Na5 Qe8 17. Nc6 Rb7 18. axb5 axb5 19. Qf3 b4 20. Na4 Nb5 21. e5 Nb6
22. Nxb6 Rxb6 23. Rfe1 Nd4 24. Nxd4 cxd4 25. Qd3 Qc8 26. Qxd4 Rb5 27. c4 bxc3
28. bxc3 Rc5 29. Ra7 Rxc3 30. Rxe7 Rc1 31. Bg3 Rxe1+ 32. Bxe1 dxe5 33. fxe5 Qc1
34. Kf1 Rb8 35. d6 Rb1 36. Qf2 Qc4+ 37. Kg1 Bf8 38. Re8 Qb4 39. d7 Rxe1+ 40.
Kh2 Rd1 41. d8=Q Rxd8 42. Rxd8 Qa5 43. Qd4 Kg7 44. e6+ 1-0

[Event "International Championship of Central Se"]
[Site "Paracin, hotel Petrus"]
[Date "2015.07.03"]
[Round "1.32"]
[White "Lazov, Toni"]
[Black "Ratkovic, Miloje"]
[Result "0-1"]
[WhiteElo "2141"]
[BlackElo "2341"]
[PlyCount "102"]
[EventDate "2015.07.03"]

1. e4 c6 2. d4 d5 3. e5 Bf5 4. Nd2 e6 5. Nb3 Nd7 6. Nf3 h6 7. Bd2 Ne7 8. Rc1
Bg6 9. Be2 Nf5 10. O-O Be7 11. g4 Nh4 12. Nxh4 Bxh4 13. f4 Bh7 14. f5 O-O 15.
Bd3 Bg5 16. fxe6 fxe6 17. Bxh7+ Kxh7 18. Rxf8 Nxf8 19. h3 Ng6 20. Nc5 Qe7 21.
Nd3 Kg8 22. Qe2 b6 23. Rf1 c5 24. c3 c4 25. Nf4 Bxf4 26. Bxf4 b5 27. Qc2 Qe8
28. Bg3 a5 29. h4 b4 30. h5 Nf8 31. Bf4 Rb8 32. a3 bxa3 33. bxa3 Qe7 34. Bc1
Qh4 35. Qg2 Nh7 36. Qf3 Rf8 37. Qg2 Rxf1+ 38. Kxf1 Ng5 39. Bd2 Ne4 40. Be1 Qe7
41. Qb2 Qf8+ 42. Kg2 Ng5 43. Qf2 Qxa3 44. Qc2 Qb3 45. Qg6 Qb2+ 46. Kh1 Kf8 47.
Bh4 Qc1+ 48. Kg2 Qd2+ 49. Kh1 Qd1+ 50. Kh2 Qe2+ 51. Kg3 Qf3+ 0-1

[Event "International Championship of Central Se"]
[Site "Paracin, hotel Petrus"]
[Date "2015.07.03"]
[Round "1.33"]
[White "Vucinic, Gojko"]
[Black "Tselkovskiy, Kirill"]
[Result "0-1"]
[WhiteElo "2328"]
[BlackElo "2137"]
[Annotator "Natasa"]
[PlyCount "36"]
[EventDate "2015.07.03"]

1. e4 d6 2. d4 g6 3. Nc3 a6 4. Be3 Bg7 5. Qd2 b5 6. f3 Nd7 7. h4 h6 8. O-O-O
Ngf6 9. e5 b4 10. Nce2 Nd5 11. Nf4 N7b6 12. Bd3 e6 13. Nxd5 Nxd5 14. f4 h5 15.
Ne2 Bb7 16. Bf2 Rc8 17. Be4 c5 18. dxc5 dxe5 {unreadable} 0-1

[Event "International Championship of Central Se"]
[Site "Paracin, hotel Petrus"]
[Date "2015.07.03"]
[Round "1.34"]
[White "Velikic, Adela"]
[Black "Somborski, Nebojsa"]
[Result "1-0"]
[WhiteElo "2128"]
[BlackElo "2325"]
[PlyCount "95"]
[EventDate "2015.07.03"]

1. e4 e5 2. Nf3 Nc6 3. Bc4 Nf6 4. d3 Be7 5. O-O O-O 6. Re1 d6 7. a4 Bg4 8. h3
Bh5 9. Nbd2 Kh8 10. c3 d5 11. Bb5 Bd6 12. Nf1 dxe4 13. dxe4 Bg6 14. Ng3 Nh5 15.
Nf5 Nf4 16. Bxf4 exf4 17. Nxd6 cxd6 18. Qd5 f5 19. e5 Nxe5 20. Nxe5 dxe5 21.
Qxe5 f3 22. Rad1 Qh4 23. Qg3 Qh6 24. Rd7 fxg2 25. f4 a6 26. Bd3 Rfe8 27. Rxe8+
Bxe8 28. Rxb7 Bxa4 29. Qg5 Qxg5 30. fxg5 Rd8 31. Rc7 g6 32. Bxa6 Rd2 33. Bb7
Rxb2 34. Bxg2 f4 35. Bd5 Re2 36. Rc8+ Re8 37. Rxe8+ Bxe8 38. Kf2 h6 39. h4 hxg5
40. hxg5 Kg7 41. Kf3 Kf8 42. Kxf4 Ke7 43. Ke5 Bd7 44. Be4 Be8 45. Bd3 Bf7 46.
Bb5 Be6 47. c4 Bc8 48. c5 1-0

[Event "International Championship of Central Se"]
[Site "Paracin, hotel Petrus"]
[Date "2015.07.03"]
[Round "1.35"]
[White "Pantelic, Sasa"]
[Black "Zlatanovic, Zoran"]
[Result "1-0"]
[WhiteElo "2324"]
[BlackElo "2123"]
[PlyCount "53"]
[EventDate "2015.07.03"]

1. d4 Nf6 2. c4 g6 3. Nc3 d5 4. Nf3 Bg7 5. Bg5 dxc4 6. e4 c6 7. e5 Nd5 8. Bxc4
Nxc3 9. bxc3 O-O 10. O-O Qc7 11. Qe2 b5 12. Bb3 a5 13. a4 Ba6 14. Rfe1 e6 15.
Qe3 Re8 16. Nd2 Nd7 17. Ne4 bxa4 18. Bxa4 Bb5 19. Nd6 Reb8 20. Qf3 Nxe5 21.
dxe5 Bxa4 22. Rxa4 Bxe5 23. Ne4 Bxh2+ 24. Kh1 Be5 25. Nf6+ Bxf6 26. Qxf6 Rb5
27. Rg4 1-0

[Event "International Championship of Central Se"]
[Site "Paracin, hotel Petrus"]
[Date "2015.07.03"]
[Round "1.36"]
[White "Dimitrijevic, Dusan"]
[Black "Brankovic, Dejan"]
[Result "0-1"]
[WhiteElo "2115"]
[BlackElo "2322"]
[PlyCount "72"]
[EventDate "2015.07.03"]

1. d4 Nf6 2. c4 g6 3. Nc3 Bg7 4. Nf3 d6 5. Bf4 O-O 6. h3 c6 7. e3 a6 8. Be2 b5
9. O-O Nbd7 10. Rc1 bxc4 11. Bxc4 c5 12. Qe2 Qa5 13. Rfd1 Rb8 14. e4 cxd4 15.
Nxd4 Bb7 16. Nb3 Qh5 17. f3 Nc5 18. g4 Qxh3 19. Nxc5 Rfc8 20. Nxb7 Rxc4 21. Na5
Rcc8 22. Nb3 h5 23. gxh5 Nxh5 24. Bh2 a5 25. Nd5 Rxc1 26. Nxe7+ Kh7 27. Rxc1
Rxb3 28. Qg2 Qxg2+ 29. Kxg2 Rxb2+ 30. Kh3 Be5 31. Bxe5 dxe5 32. f4 Nxf4+ 33.
Kg4 Rg2+ 34. Kf3 Rxa2 35. Nc6 Ra3+ 36. Kg4 Ne2 0-1

[Event "International Championship of Central Se"]
[Site "Paracin, hotel Petrus"]
[Date "2015.07.03"]
[Round "1.37"]
[White "Marholev, Dimitar"]
[Black "Scripcaru, George-Daniel"]
[Result "1-0"]
[WhiteElo "2317"]
[BlackElo "2115"]
[PlyCount "74"]
[EventDate "2015.07.03"]

1. e4 c5 2. Nc3 e6 3. Nf3 a6 4. d4 cxd4 5. Nxd4 Qc7 6. g3 Bb4 7. Nde2 Nf6 8.
Bg2 Nc6 9. O-O Ne5 10. Bf4 Be7 11. Kh1 d6 12. a4 b6 13. Bc1 Bb7 14. f4 Ned7 15.
Nd4 h5 16. f5 e5 17. Nb3 h4 18. g4 h3 19. Bf3 Nc5 20. Nxc5 dxc5 21. g5 Rd8 22.
Qe2 Nh7 23. Rg1 Rd4 24. Be3 Rb4 25. b3 Nf8 26. Rad1 Nd7 27. Nd5 Bxd5 28. Rxd5
c4 29. Bd2 c3 30. Be3 Nc5 31. Bf2 a5 32. Qe3 Nb7 33. Rgd1 Rd4 34. R5xd4 exd4
35. Qxd4 O-O 36. f6 Bc5 37. Bg3 Qc8 1-0

[Event "International Championship of Central Se"]
[Site "Paracin, hotel Petrus"]
[Date "2015.07.03"]
[Round "1.38"]
[White "Markovic, Miroslav R"]
[Black "Carnic, Srdjan"]
[Result "1/2-1/2"]
[WhiteElo "2114"]
[BlackElo "2317"]
[PlyCount "101"]
[EventDate "2015.07.03"]

1. d4 Nf6 2. c4 e6 3. Nc3 Bb4 4. Qc2 O-O 5. Bg5 d6 6. e3 Nbd7 7. Bd3 h6 8. Bh4
b6 9. Nge2 Bb7 10. O-O c5 11. Nb5 cxd4 12. exd4 a6 13. Nbc3 d5 14. cxd5 exd5
15. Rac1 Re8 16. a3 Be7 17. f3 b5 18. Bf5 Nb6 19. Bf2 Nc4 20. Rfe1 Bd6 21. Ng3
Qc7 22. Rxe8+ Rxe8 23. Re1 Rxe1+ 24. Bxe1 Ne3 25. Qd3 Nxf5 26. Qxf5 Qc4 27.
Nge2 Bc8 28. Qc2 a5 29. Qd2 b4 30. axb4 axb4 31. Nd1 Ba6 32. Ng3 Qb5 33. Ne3 g6
34. h4 Qb8 35. Nef1 Kg7 36. Ne2 Nh5 37. g4 Qb5 38. Kf2 Nf4 39. Nfg3 Nd3+ 40.
Kg2 Nxe1+ 41. Qxe1 Qd3 42. Qf2 Qd2 43. Ng1 Qc1 44. h5 Bxg3 45. Kxg3 gxh5 46.
Nh3 hxg4 47. fxg4 Qc7+ 48. Nf4 Bd3 49. Kh3 Bg6 50. Nxd5 Qd6 51. Nf4 1/2-1/2

[Event "International Championship of Central Se"]
[Site "Paracin, hotel Petrus"]
[Date "2015.07.03"]
[Round "1.39"]
[White "Petrov, Vladimir Sergeev"]
[Black "Ozalp, Burak"]
[Result "1/2-1/2"]
[WhiteElo "2307"]
[BlackElo "2113"]
[PlyCount "71"]
[EventDate "2015.07.03"]

1. e4 c5 2. Nf3 e6 3. d4 cxd4 4. Nxd4 Nf6 5. Nc3 Nc6 6. Ndb5 d6 7. Bf4 e5 8.
Bg5 a6 9. Na3 Be6 10. Nc4 Rc8 11. Nd5 Bxd5 12. exd5 Ne7 13. Qf3 b5 14. Bxf6
bxc4 15. Bxe7 Bxe7 16. Be2 O-O 17. O-O f5 18. Qa3 Qb6 19. Rab1 e4 20. b3 c3 21.
b4 f4 22. Qxa6 Qd4 23. Rfd1 Qe5 24. Bg4 Ra8 25. Qc4 e3 26. fxe3 Qxe3+ 27. Kh1
f3 28. gxf3 Rf4 29. Qd3 Qxd3 30. Rxd3 Bf6 31. b5 Rfa4 32. b6 Rxa2 33. b7 Rb8
34. Re3 Rxc2 35. Re8+ Rxe8 36. Bc8 1/2-1/2

[Event "International Championship of Central Se"]
[Site "Paracin, hotel Petrus"]
[Date "2015.07.03"]
[Round "1.41"]
[White "Cvetkovic, Srdjan"]
[Black "Sahin, Ozgun"]
[Result "1-0"]
[WhiteElo "2301"]
[BlackElo "2106"]
[Annotator "Natasa"]
[PlyCount "21"]
[EventDate "2015.07.03"]

1. c4 Nf6 2. Nc3 g6 3. g3 Bg7 4. Bg2 O-O 5. e3 d6 6. Nge2 e5 7. O-O Nc6 8. d3
Be6 9. Nd5 Qd7 10. Rb1 Bh3 11. e4 {unreadable} 1-0

[Event "International Championship of Central Se"]
[Site "Paracin, hotel Petrus"]
[Date "2015.07.03"]
[Round "1.42"]
[White "Stefanov, Emil"]
[Black "Martic, Zlatko"]
[Result "1-0"]
[WhiteElo "2088"]
[BlackElo "2299"]
[PlyCount "61"]
[EventDate "2015.07.03"]

1. d4 d5 2. c4 dxc4 3. e3 a6 4. Bxc4 Nf6 5. Nf3 e6 6. O-O b5 7. Bb3 Bb7 8. a4
b4 9. Nbd2 Nbd7 10. Re1 c5 11. e4 cxd4 12. e5 Nd5 13. Nc4 h6 14. Qxd4 Nc5 15.
Nd6+ Qxd6 16. exd6 Nxb3 17. d7+ Kxd7 18. Ne5+ Ke8 19. Qe4 Nc5 20. Qf3 Nf6 21.
Qh3 Bd5 22. Be3 Bd6 23. Bxc5 Bxc5 24. Rad1 Ke7 25. Rxd5 Nxd5 26. Nxf7 Rhe8 27.
Qf3 Nf6 28. Qb7+ Kf8 29. Ne5 Ra7 30. Qc6 Bd4 31. Qd6+ 1-0

[Event "International Championship of Central Se"]
[Site "Paracin, hotel Petrus"]
[Date "2015.07.03"]
[Round "1.43"]
[White "Nikolovski, Nikola"]
[Black "Ludvigsen, Frode"]
[Result "1/2-1/2"]
[WhiteElo "2293"]
[BlackElo "2085"]
[PlyCount "105"]
[EventDate "2015.07.03"]

1. e4 e6 2. d4 d5 3. Nd2 Nf6 4. e5 Nfd7 5. f4 c5 6. c3 Nc6 7. Ndf3 Qb6 8. g3
cxd4 9. cxd4 Bb4+ 10. Kf2 f6 11. Kg2 O-O 12. Bd3 Be7 13. Ne2 Rd8 14. h4 Nf8 15.
b3 Bd7 16. Bd2 a5 17. a3 Na7 18. a4 Nc6 19. h5 Nb4 20. Bxb4 Qxb4 21. h6 g6 22.
exf6 Bxf6 23. Ne5 Be8 24. Bc2 Rac8 25. Rc1 Rc7 26. Qe1 Qb6 27. Qd2 Rdc8 28. Bd3
Qxb3 29. Rb1 Qxa4 30. Rb6 Be7 31. Rhb1 Bc6 32. Qe3 Qa3 33. g4 Bf6 34. Nf3 Qe7
35. g5 Bh8 36. R6b2 a4 37. Kh2 Be8 38. Rb4 Ra8 39. Qd2 Bc6 40. Qe3 Nd7 41. Qd2
Qd6 42. Kg3 Nf8 43. Nc3 Re7 44. Bb5 a3 45. Ne2 Nd7 46. Bd3 Qc7 47. Ra1 Qa5 48.
Rb3 Qxd2 49. Nxd2 a2 50. Nf3 Nc5 51. Rc3 Nxd3 52. Rxd3 b5 53. Nc1 1/2-1/2

[Event "International Championship of Central Se"]
[Site "Paracin, hotel Petrus"]
[Date "2015.07.03"]
[Round "1.44"]
[White "Aleksic, Neven"]
[Black "Hjelmas, Lars"]
[Result "1-0"]
[WhiteElo "2068"]
[BlackElo "2291"]
[PlyCount "120"]
[EventDate "2015.07.03"]

1. d4 e6 2. Nf3 f5 3. Nc3 Nf6 4. Bg5 Bb4 5. e3 c6 6. Bd3 Qa5 7. O-O Bxc3 8.
Bxf6 gxf6 9. bxc3 Qxc3 10. e4 fxe4 11. Bxe4 d5 12. Bd3 Nd7 13. Re1 Nf8 14. Qc1
Qb4 15. Qh6 Qe7 16. Nh4 Qf7 17. c4 Kd8 18. cxd5 cxd5 19. Rac1 Bd7 20. Qf4 Bc6
21. Qd6+ Qd7 22. Qf4 Ke7 23. Nf5+ Kf7 24. Nh6+ Kg7 25. Ng4 Qe7 26. Qh6+ Kf7 27.
Re3 Ng6 28. Nxf6 Qxf6 29. Rf3 Qxf3 30. gxf3 Ke7 31. Bxg6 hxg6 32. Qg7+ Kd6 33.
Qe5+ Kd7 34. Qg7+ Kd6 35. Qe5+ Kd7 36. a4 Rh7 37. a5 a6 38. Re1 Re8 39. Re3
Ree7 40. Qb8 Re8 41. Qe5 Rh4 42. Qf6 g5 43. Qf7+ Re7 44. Qf6 Rf4 45. Qh8 Ref7
46. Qh6 R7f6 47. Qxg5 Ke7 48. Qg7+ Rf7 49. Qg5+ Kd7 50. h4 Rxd4 51. h5 Rd1+ 52.
Kh2 d4 53. Qg6 Re7 54. Rd3 Rxd3 55. Qxd3 e5 56. h6 Re6 57. Qf5 d3 58. Qxd3+ Ke7
59. Qh7+ Kd6 60. Qg7 Re7 1-0

[Event "International Championship of Central Se"]
[Site "Paracin, hotel Petrus"]
[Date "2015.07.03"]
[Round "1.45"]
[White "Radovic, Luka"]
[Black "Stojkovska, Monika"]
[Result "1-0"]
[WhiteElo "2290"]
[BlackElo "2061"]
[PlyCount "71"]
[EventDate "2015.07.03"]

1. Nf3 c5 2. c4 Nf6 3. g3 b6 4. Bg2 Bb7 5. O-O g6 6. d4 cxd4 7. Qxd4 d6 8. b3
Bg7 9. Bb2 Nbd7 10. Nc3 a6 11. Rad1 O-O 12. Rfe1 Rc8 13. Qh4 Rc5 14. Nd5 Bxd5
15. cxd5 Rxd5 16. Rxd5 Nxd5 17. Bxg7 Kxg7 18. Qc4 Nc7 19. Nd4 Nc5 20. b4 N5e6
21. Rc1 b5 22. Qc3 Kg8 23. e3 Na8 24. Nxe6 fxe6 25. Bh3 Kf7 26. Qd4 Qd7 27.
Qf4+ Kg7 28. Qe4 Rc8 29. Rxc8 Qxc8 30. Bxe6 Qd8 31. Qd4+ Kh6 32. g4 Qf8 33. h4
g5 34. hxg5+ Kxg5 35. f4+ Kh6 36. Bf5 1-0

[Event "International Championship of Central Se"]
[Site "Paracin, hotel Petrus"]
[Date "2015.07.03"]
[Round "1.46"]
[White "Konstantinov, Aleksandar"]
[Black "Djordjevic, Vuk"]
[Result "0-1"]
[WhiteElo "2046"]
[BlackElo "2287"]
[PlyCount "76"]
[EventDate "2015.07.03"]

1. d4 Nf6 2. c4 e6 3. Nc3 Bb4 4. e3 O-O 5. Nge2 d5 6. a3 Be7 7. cxd5 exd5 8. g3
c6 9. Bg2 Re8 10. O-O Na6 11. f3 c5 12. Nf4 Nc7 13. Nd3 b6 14. Re1 a5 15. Ne5
Bb7 16. Qa4 Ba6 17. Nc6 Qd6 18. dxc5 Qxc5 19. Nxe7+ Rxe7 20. Bd2 Bc4 21. b4 Qd6
22. bxa5 bxa5 23. Rad1 Ne6 24. e4 Nc5 25. Qc2 Bb3 26. Qb1 Bxd1 27. Rxd1 dxe4
28. Bg5 Qe5 29. Bxf6 gxf6 30. Nxe4 Nxe4 31. fxe4 Rb8 32. Qc1 Rc7 33. Qd2 Rc3
34. a4 Kg7 35. Rf1 Qc5+ 36. Kh1 Rc8 37. Qf4 Qg5 38. Bh3 Rc1 0-1

[Event "International Championship of Central Se"]
[Site "Paracin, hotel Petrus"]
[Date "2015.07.03"]
[Round "1.47"]
[White "Gavrilescu, David"]
[Black "Radeva, Viktoria"]
[Result "1/2-1/2"]
[WhiteElo "2282"]
[BlackElo "2042"]
[PlyCount "97"]
[EventDate "2015.07.03"]

1. d4 Nf6 2. Bg5 Ne4 3. Bf4 d5 4. e3 Bf5 5. f3 Nd6 6. Nd2 e6 7. c4 Nxc4 8. Nxc4
dxc4 9. Bxc4 Bb4+ 10. Kf2 Bd6 11. Ne2 Nd7 12. Qb3 Nb6 13. Rhd1 Nxc4 14. Qxc4
O-O 15. Rac1 c6 16. Kg1 h6 17. Bxd6 Qxd6 18. e4 Bh7 19. Qc5 Qxc5 20. Rxc5 Rad8
21. b4 Rd7 22. a4 Rfd8 23. b5 cxb5 24. axb5 f5 25. e5 g5 26. g3 Kf7 27. Rdc1
Ke7 28. Kf2 Bg6 29. b6 axb6 30. Rb5 Ra8 31. Rxb6 Ra3 32. Rb4 Bh5 33. Rc3 Rxc3
34. Nxc3 Rc7 35. Na4 Be8 36. Nc5 Bc6 37. Rb6 Kf7 38. Ke3 Ke7 39. h3 h5 40. h4
gxh4 41. gxh4 Kf7 42. Kf4 Re7 43. Nd3 Rd7 44. Ke3 Rd8 45. Nb4 f4+ 46. Kxf4
Rxd4+ 47. Kg3 Rc4 48. Nxc6 bxc6 49. Rb7+ 1/2-1/2

[Event "International Championship of Central Se"]
[Site "Paracin, hotel Petrus"]
[Date "2015.07.03"]
[Round "1.48"]
[White "Perovic, Zivojin"]
[Black "Marjanovics, Annamaria"]
[Result "1/2-1/2"]
[WhiteElo "2042"]
[BlackElo "2277"]
[PlyCount "59"]
[EventDate "2015.07.03"]

1. e4 e5 2. Nf3 Nc6 3. Be2 Nf6 4. d3 d5 5. Nbd2 Bc5 6. O-O O-O 7. c3 a5 8. b3
Qe7 9. a3 dxe4 10. dxe4 Nh5 11. Nc4 Nf4 12. Qc2 Qf6 13. Be3 Bxe3 14. Nxe3 Qg6
15. Bc4 Be6 16. Bxe6 fxe6 17. Ne1 Qg5 18. Kh1 Rad8 19. g3 Nh3 20. Qe2 Rf7 21.
a4 Qg6 22. f3 Rfd7 23. Rd1 Rxd1 24. Nxd1 Qh6 25. Ne3 Ng5 26. Nd3 Qh5 27. Ng4
Qh3 28. Ngf2 Qh5 29. Ng4 Qh3 30. Ngf2 1/2-1/2

[Event "International Championship of Central Se"]
[Site "Paracin, hotel Petrus"]
[Date "2015.07.03"]
[Round "1.49"]
[White "Petrov, Martin"]
[Black "Vassilev, Martin"]
[Result "1-0"]
[WhiteElo "2276"]
[BlackElo "2030"]
[PlyCount "101"]
[EventDate "2015.07.03"]

1. b3 e5 2. Bb2 d6 3. e4 Nf6 4. Nc3 Be6 5. Nf3 h6 6. d4 exd4 7. Nxd4 Bd7 8. Bc4
Nc6 9. O-O Be7 10. Nd5 Ne5 11. Be2 Nxd5 12. exd5 Bf6 13. f4 Ng6 14. Bd3 Ne7 15.
Qf3 c5 16. dxc6 Nxc6 17. Rae1+ Kf8 18. Qd5 Be8 19. Bc4 Nxd4 20. Bxd4 Bxd4+ 21.
Qxd4 Qb6 22. Qxb6 axb6 23. a4 Bc6 24. Rd1 Rd8 25. Rfe1 d5 26. Rd4 g6 27. Bd3
Kg7 28. Rb4 Rhe8 29. Rxe8 Rxe8 30. Kf2 Kf6 31. Rxb6 Ke7 32. a5 Kd7 33. f5 gxf5
34. b4 Kc7 35. b5 Bd7 36. Rxh6 Be6 37. Ke3 Kd6 38. a6 bxa6 39. bxa6 Kc5 40. c3
Rd8 41. Rh4 Rg8 42. g3 Bd7 43. Rb4 Rh8 44. a7 Ra8 45. Rb7 Kc6 46. Ba6 Be6 47.
h4 Kd6 48. Kd4 Bd7 49. h5 Ke6 50. h6 Bc6 51. h7 1-0